000 00641 a2200217 4500
003 UA-OsUOA
005 20260508154148.0
008 260508b un ||||| |||| 00| 0 ukr d
040 _aUA-OsUOA
_beng
_cUA-OsUOA
_dUA-OsUOA
041 _aeng
080 _a94(38)
090 _a94(38)
_bE35
100 _aEhrenberg V.
_925206
245 _aThe Greek State
260 _bThe Norton Library
_c1964
_aNew York
300 _a280 p.
650 _2UDC
_a94 Всесвітня історія
_91868
942 _cBK
_2udc
955 _a4
999 _c580683
_d580683